History Quiz

Random History Quiz

Manifest Destiny Quiz Stats

 Plays Quiz not verified by Sporcle

Challenge
Share
Tweet
Embed
Score 0/20 Timer 20:00
0 Plays Today
Hint Answer % Correct
The belief that the United States was destined to expand and own all territory across the country, and that this was God's desire. ???
93.2%
The long, forced journey of the Cherokee due to the Indian Removal Act???
64.4%
Who first created the term Manifest Destiny in an article he wrote with that name????
54.2%
President Jackson ordered the removal of Cherokee Indians from lands west of the Mississippi River; white settlers wanted to expand onto Native Land???
49.2%
Mexican leader fighting Texan forces in Texas' war for Independence???
44.1%
Single term president whose main goal was to take western territory. He was president during the Mexican American War.???
44.1%
fought to gain independence for Texas from Mexico and to make it a part of the United States; commander of the Texas army at the Battle of San Jacinto???
40.7%
Land gained by America after the Mexican War in the Treaty of Gudalupe Hidalgo???
39%
U.S. General that was a military leader in the Mexican War and he was sent by President Polk to lead the American army against Mexico at Rio Grande, but defeated.???
37.3%
A famous empresario who now has a city named after him; Son of Moses Austin who worked with the Mexican government. ???
37.3%
Hint Answer % Correct
Treaty that ended the Mexican War, granting the U.S. control of Texas, New Mexico, and California in exchange for $15 million???
25.4%
Bill that would ban slavery in the territories acquired after the War with Mexico but failed. ???
23.7%
What did the Americans claim that this concept justified????
23.7%
a small mission where a group of Texan and American soldiers were killed by the Mexican army; Battle where Santa Anna surrounds Texan forces???
22%
In 1849 the large migration of people to the west, specifically California, in search of gold???
16.9%
A U.S. General and he defeated Santa Anna in the Mexican War. ???
16.9%
When Texas is added and becomes a state in 1846. ???
15.3%
started in 1846, fought for 2 years over land, started with a border dispute in Texas???
15.3%
The 1836 rebellion in which Texas gained its independence from Mexico. It later joined the United States.???
15.3%
What term is used today to represent ideas similar to that of Manifest Destiny? The idea that America is superior.???
5.1%

You're not logged in!

Compare scores with friends on all Sporcle quizzes.
OR
Log In

You Might Also Like...

Show Comments

Extras

Created May 29, 2012ReportNominate
Tags:destiny, idea

Top Quizzes Today


Score Distribution

Your Account Isn't Verified!

In order to create a playlist on Sporcle, you need to verify the email address you used during registration. Go to your Sporcle Settings to finish the process.

Report this User

Report this user for behavior that violates our Community Guidelines.

Details: